- Velázquez Rodríguez, Elisa B.
Entry Nombre Personal
001 - NUMERO DE CONTROL
- campo de control: 38383
003 - IDENTIFICADOR DE NUMERO DE CONTROL
- campo de control: DLC
005 - FECHA Y HORA DE LA ÜLTIMA TRANSACCIÓN
- campo de control: 20221012092936.0
008 - DATOS DE LONGITUD FIJA
- campo de control de longitud fija: 140804n| azannaabn |a aaa
010 ## - NÚMERO DE CONTROL DE LA BIBLIOTECA DEL CONGRESO
- Número de control LC: n 2014046596
- Número de Control LC Cancelado/inválido: ns2016003293
035 ## - NUMERO DE CONTROL
- Número de control: (CaEvSKY)skya10544351
040 ## - FUENTE DE CATALOGACIÓN
- Agencia original de catalogación: DLC
- Lenguaje de catalogación: spa
- Description conventions: rda
- Agencia de transcripción: DLC
- Agencia que lo modifica: MX-MxUPN
100 1# - ENCABEZAMIENTO - NOMBRE PERSONAL
- Nombre personal: Velázquez Rodríguez, Elisa B.
- Fuller form of name: (Elisa Bertha)
370 ## - LUGAR ASOCIADO
- Associated country: México
- Fuente del término: naf
372 ## - CAMPO DE ACTIVIDAD
- Field of activity: Filosofía
- Field of activity: Psicoanálisis
- Field of activity: Educación
- Field of activity: Rol sexual--Investigación
- Fuente del término: lcsh
373 ## - GRUPO ASOCIADO
- Associated group: Universidad Nacional Autónoma de México
- Fuente del término: naf
373 ## - GRUPO ASOCIADO
- Associated group: Centro de Investigación y Estudios Psicoanalíticos
373 ## - GRUPO ASOCIADO
- Associated group: Universidad Autónoma del Estado de México
- Fuente del término: naf
374 ## - OCUPACIÓN
- Occupation: Profesora universitaria
- Occupation: Investigadora
375 ## - GÉNERO
- Gender: femenino
377 ## - LENGUA ASOCIADA
- Language code: spa
378 ## - FORMA COMPLETA DE NOMBRE PERSONAL
- Fuller form of personal name: Elisa Bertha
400 1# - VEÁSE - NOMBRE DE PERSONA
- Personal name: Rodríguez, Elisa B. Velázquez
- Fuller form of name: (Elisa Bertha Velázquez)
400 1# - VEÁSE - NOMBRE DE PERSONA
- Personal name: Velázquez, Elisa Bertha
670 ## - FUENTE EN LA QUE SE LOCALIZARON DATOS
- Cita de la fuente: La transformación de la sociedad opresora, 2014:
- Información localizada: portada (Elisa B. Velázquez Rodríguez) página 6, etc. (Elisa Bertha Velázquez Rodríguez; Elisa Bertha Velázquez; dr. in philosophy, Fac. de Filosofía y Letras, UNAM; master's in psychoanalytic theory, Centro de Investigación y Estudios Psicoanalíticos, Fundación Mexicana de Psicoanálisis; master's in higher education, Fac. de Estudios Superiores Aragón, UNAM: diploma in theory and history of religions, Fac. de Filosofía y Letras, UNAM; currently developing the line of research in gender and environmental education in the Cuerpo Académico Consolidado Género y Desarrollo Sustentable, in the Unidad Académica Profesional Nezahualcóyotl of the Univ. Aut. del Estado de México, where she is prof.-researcher; researcher in the fields of hermeneutics, psychoanalysis, gender and education)
902 ## - CATALOGADOR
- Catalogador: NDAF/121022
